Normal view MARC view
  • Personas con discapacidad mental

Entry Materia

Number of records used in: 26

001 - NÚMERO DE CONTROL DEL REGISTRO

  • campo de control: 5134

003 - IDENTIFICADOR DE NUMERO DE CONTROL

  • campo de control: DLC

005 - FECHA Y HORA DE LA ÚLTIMA TRANSACCIÓN

  • campo de control: 20240812162801.0

008 - DATOS DE LONGITUD FIJA

  • campo de control de longitud fija: 240812|||acannbabn | ana |d

010 ## - NÚMERO DE CONTROL DE LA BIBLIOTECA DEL CONGRESO (LC)

  • LC control number: sh 85083667

035 ## - NÚMERO DE CONTROL DEL SISTEMA

  • Número de control del sistema: UPN10000005134

035 ## - NÚMERO DE CONTROL DEL SISTEMA

  • Número de control del sistema: (DLC)294958

040 ## - FUENTE DE LA CATALOGACIÓN

  • Lengua de catalogación: spa
  • Agencia de transcripción: DLC
  • Centro catalogador de origen: DLC
  • Agencia de modificación: AuCNL
  • Agencia de modificación: MX-MxUPN

150 ## - ENCABEZAMIENTO - TEMÁTICO

  • Término de materia o nombre geográfico como elemento inicial: Personas con discapacidad mental

450 ## - VÉASE - MATERIA

  • Encabezamiento temático: Débiles mentales

450 ## - VÉASE - MATERIA

  • Encabezamiento temático: Retrasados mentales

670 ## - FUENTE EN LA QUE SE LOCALIZARON DATOS

  • Cita de la fuente: LC, 12 agosto 2024 :
  • Información localizada: (People with mental disabilities)
  • Identificador Uniforme del Recurso: https://lccn.loc.gov/sh85083667

902 ## - CATALOGADOR

  • Catalogador: MITM/10303
  • Catalogador: MaríaRobles/120824